Tareekh-e-Baluchistan / (Record no. 368632)
[ view plain ]
| 000 -LEADER | |
|---|---|
| fixed length control field | 00426 a2200157 4500 |
| 003 - CONTROL NUMBER IDENTIFIER | |
| control field | NUST |
| 005 - DATE AND TIME OF LATEST TRANSACTION | |
| control field | 20191115160952.0 |
| 038 ## - RECORD CONTENT LICENSOR | |
| Staff Name | Arshad |
| 082 ## - DEWEY DECIMAL CLASSIFICATION NUMBER | |
| Classification number | 954.915 |
| Author Mark | RAM |
| 100 ## - MAIN ENTRY--PERSONAL NAME | |
| Personal name | Hattoo Ram, Rai Bahadar |
| 9 (RLIN) | 25684 |
| 245 ## - TITLE STATEMENT | |
| Title | Tareekh-e-Baluchistan / |
| Statement of responsibility, etc. | Rai Bahadar Hatto Ram |
| 260 ## - PUBLICATION, DISTRIBUTION, ETC. | |
| Place of publication, distribution, etc. | Lahore: |
| Name of publisher, distributor, etc. | Sang-e-Meel Publications |
| Date of publication, distribution, etc. | 1998. |
| 300 ## - PHYSICAL DESCRIPTION | |
| Extent | 459 p. |
| 650 ## - SUBJECT ADDED ENTRY--TOPICAL TERM | |
| Topical term or geographic name entry element | Tareekh Baluchistan- Pakistan |
| 9 (RLIN) | 25685 |
| 942 ## - ADDED ENTRY ELEMENTS (KOHA) | |
| Koha item type | Book |
| -- | Book |
| Source of classification or shelving scheme | |
| Withdrawn status | Lost status | Source of classification or shelving scheme | Damaged status | Not for loan | Permanent Location | Current Location | Shelving location | Date acquired | Full call number | Barcode | Date last seen | Copy number | Price effective from | Koha item type |
|---|---|---|---|---|---|---|---|---|---|---|---|---|---|---|
| Central Library (CL) | Central Library (CL) | History | 11/15/2019 | 954.915 RAM | CL3000 | 10/14/2022 | 1 | 11/15/2019 | Book |
